| 000 | 03065cam a2200421 a 4500 | ||
|---|---|---|---|
| 001 | 3958779 | ||
| 005 | 19940906103821.1 | ||
| 008 | 940301s19952008ilua | b 001 0 eng d | ||
| 010 | _a 94005000 | ||
| 020 | _a0071263330 | ||
| 020 | _a9780071263337 | ||
| 040 |
_aDLC _cDLC _dDLC |
||
| 050 | 0 | 0 |
_aHD30.4 _b.E47 1995 |
| 082 | 0 | 0 |
_220 _a658.0072 _bCOO |
| 100 | 1 |
_aCooper, Donald R. _93919 |
|
| 245 | 1 | 0 |
_aBusiness Research Methods / _cDonald R. Cooper, Pamela S. Schindler. |
| 250 | _a10th ed. | ||
| 260 |
_aBoston : _bMcGraw Hill, _cc2008. |
||
| 300 |
_axxii, 746 p. : _bill.; _c24 cm. + _e1 DVD (4 3/4 in.) |
||
| 490 |
_95274 _aThe McGraw-Hill/Irwin series Operations and decision sciences |
||
| 504 | _aIncludes bibliographical references and index. | ||
| 650 | 0 |
_aIndustrial management _xResearch. _93920 |
|
| 700 | 1 |
_aSchindler, Pamela S. _919878 |
|
| 942 |
_2ddc _cBB |
||
| 999 |
_c11347 _d11347 |
||